000 00461nam a2200181Ia 4500
008 100917s9999 xx 000 0 und d
082 _b34600
100 _aसरदेसाई मनोहर
245 _aवैशाली
260 _bनुतन प्रकाशन
_c1978
300 _a122
365 _b10
520 _aकथा
630 _aवैशाली
650 _aकथा
730 _aवैशाली
942 _cBOOK
999 _c639994
_d639991